Uso del buchón de agua (Eichhornia crassipes (mart.) solms), en actividades de recuperación y restauración de áreas intervenidas en proyectos hidroeléctricos / (Registro nro. 19138)

Detalles MARC
000 -CABECERA
Campo de control 01494nam a2200313 a 4500
005 - FECHA Y HORA DE LA ULTIMA TRANSACCION
Campo de control 20200104041751.0
008 - ELEMENTOS DE LONGITUD FIJA—INFORMACION GENERAL
Campo de control 140530s2013 ck ao gr 000 0 spa d
020 ## - ISBN
ISBN 9789587614343
040 ## - FUENTE DE CATALOGACIÓN
Agencia catalogadora original CO-BoBLA
Agencia transcriptora CO-BoBLA
Agencia Modificadora CO-BoIAVH
041 0# - IDIOMA
Código de idioma para texto/pista de sonido o título separado Español
044 ## - PAÍS DE PUBLICACIÓN
País de publicación Colombia
082 04 - NUMERO DE CLASIFICACION DECIMAL DEWEY
Número de clasificación 333.9116
Número del ítem C26u
100 1# - ASIENTO PRINCIPAL--NOMBRE PERSONAL
Nombre personal Cárdenas-Arévalo, Gladys.
Término relacionado autora
9 (RLIN) 9798
245 00 - MENCION DE TITULO
Título Uso del buchón de agua (Eichhornia crassipes (mart.) solms), en actividades de recuperación y restauración de áreas intervenidas en proyectos hidroeléctricos /
Mención de responsabilidad Gladys Cárdenas Arévalo [y otros 4]
260 ## - PUBLICACION, DISTRIBUCION, ETC. (PIE DE IMPRENTA)
Lugar de publicación, distribución, etc. Bogotá, Colombia :
Nombre del editor, distribuidor, etc. Universidad Nacional de Colombia. Facultad de Ciencias. Instituto de Ciencias Naturales,
Fecha de publicación, distribución, etc. 2013.
300 ## - DESCRIPCION FISICA
Extensión 144 páginas :
Otros detalles físicos ilustraciones, fotografías ;
Dimensiones 21 x 14 cm. +
Material acompañante 1 folleto
490 0# - MENCION DE SERIE
Mención de serie Serie de guías de campo del Instituto de Ciencias Naturales, Universidad Nacional de Colombia ;
Designación numérica/secuencial del volumen No. 11
500 ## - NOTA GENERAL
Nota general Glosario : páginas 101-103.
504 ## - NOTA DE BIBLIOGRAFIA, ETC.
Nota de bibliografía Incluye referencias bibliográficas : páginas 104-107.
650 24 - ASIENTO SECUNDARIO DE MATERIA - TERMINO TEMATICO
Término temático o nombre geográfico como elemento de entrada Recuperación ecológica
9 (RLIN) 77323
650 26 - ASIENTO SECUNDARIO DE MATERIA - TERMINO TEMATICO
Término temático o nombre geográfico como elemento de entrada Conservación de la naturaleza
9 (RLIN) 97
650 26 - ASIENTO SECUNDARIO DE MATERIA - TERMINO TEMATICO
Término temático o nombre geográfico como elemento de entrada Generación de energía
Subdivisión general Aspectos ambientales
9 (RLIN) 77325
650 26 - ASIENTO SECUNDARIO DE MATERIA - TERMINO TEMATICO
Término temático o nombre geográfico como elemento de entrada Eichhornia crassipes
Subdivisión general Uso
9 (RLIN) 77326
700 1# - ASIENTO SECUNDARIO - NOMBRE PERSONAL
Nombre personal Aguilar Puentes, Mauricio
Término de relación autor
9 (RLIN) 77316
700 1# - ASIENTO SECUNDARIO - NOMBRE PERSONAL
Nombre personal Sánchez Cruz, Hernán
Término de relación autor
9 (RLIN) 6991
700 1# - ASIENTO SECUNDARIO - NOMBRE PERSONAL
Nombre personal Herrera Romero, Juan
Término de relación autor
9 (RLIN) 77317
700 1# - ASIENTO SECUNDARIO - NOMBRE PERSONAL
Nombre personal Aguirre Ceballos, Jaime
Fechas asociadas con el nombre 1951-
Término de relación autor
9 (RLIN) 77327
942 ## - ELEMENTOS ADICIONALES (KOHA)
Sistema de clasificación Dewey Decimal Classification
Tipo de ítem Libro
Existencias
Withdrawn status Lost status Sistema de Clasificación Damaged status No para préstamo Colección Inventariado Ubicación Permanente Ubicación actual Fecha de adquisición Fuente de Valor Valor Total Checkouts Número topográfico Inventario / Código de Barras Date last seen Ejemplar Price effective from Forma de adquisición Tipo de material
    Dewey Decimal Classification     General Inventariado 2017 Bogotá Bogotá 24/11/2016 Instituto 39000.00   LB-333.9116 C26u 040829 24/11/2016 Ej. 1 24/11/2016 Donación Libro
    Local     Hemeroteca Inventariado 2017 Bogotá Bogotá 24/11/2016 María Victoria Sarmiento     FG-0097 040830 24/11/2016 Ej. 1 24/11/2016 Donación Folleto
    Dewey Decimal Classification     General Inventariado 2017 Sala Fabio Quevedo Sala Fabio Quevedo 18/08/2017 Instituto 39000.00   LB-333.9116 C26u 042754 18/08/2017 Ej. 2 18/08/2017 Donación Libro